AComparative Study Between Directed Endometrial Biopsy Using Both Types Of Hysteroscopy, Pannoramic And Contact And Conventional Dilatation And Curettage In The Diagnosis Of Patients With Abnormal Uterine Bleeding Around The Menopause / : (Record no. 179855)

MARC details
000 -LEADER
fixed length control field 01817namaa22003251i 4500
005 - أخر تعامل مع التسجيلة
control field 20260430121351.0
008 - FIXED-LENGTH DATA ELEMENTS--GENERAL INFORMATION
fixed length control field 260430s1994 ua a|||frm||| 000 0 eng d
040 ## - CATALOGING SOURCE
Original cataloguing agency EG-GICUC
Language of cataloging eng
Transcribing agency EG-GICUC
Modifying agency EG-GICUC
Description conventions rda
041 0# - LANGUAGE CODE
Language code of text/sound track or separate title eng
Language code of summary or abstract eng
-- ara
049 ## - Acquisition Source
Acquisition Source Deposit
097 ## - Degree
Degree Ph.D
099 ## - LOCAL FREE-TEXT CALL NUMBER (OCLC)
Local Call Number Cai01.11.15.Ph.D.1994.Mo.C.
100 0# - MAIN ENTRY--PERSONAL NAME
Authority record control number or standard number Mohamed Salah ELdin M. Shhata,
Preparation preparation.
245 10 - TITLE STATEMENT
Title AComparative Study Between Directed Endometrial Biopsy Using Both Types Of Hysteroscopy, Pannoramic And Contact And Conventional Dilatation And Curettage In The Diagnosis Of Patients With Abnormal Uterine Bleeding Around The Menopause / :
Statement of responsibility, etc. By Mohamed Salah ELdin M. Shhata; Supervised By Pof.Dr. Mahmoud Talaat Mohamed Talaat, Prof.Dr. Abdalla Mahmoud Khalil, Prof.Dr. Maher M. A. ELwahab.
246 15 - VARYING FORM OF TITLE
Title proper/short title دراسة مقارنة بين عينات الغشاء المبطن للرحم الموجهة باستخدام المنظار الرحمي وعملية التوسيع والكحت المعتادة في تشخيص حالات النزيف الرحمي حول سن اليأس /
264 #0 - PRODUCTION, PUBLICATION, DISTRIBUTION, MANUFACTURE, AND COPYRIGHT NOTICE
Date of production, publication, distribution, manufacture, or copyright notice 1994.
300 ## - PHYSICAL DESCRIPTION
Extent 149 pages :
Other physical details illustrations ;
Dimensions 30 cm. +
336 ## - CONTENT TYPE
Source rda content
Content type term text
337 ## - MEDIA TYPE
Source rdamedia
Media type term Unmediated
338 ## - CARRIER TYPE
Source rdacarrier
Carrier type term volume
502 ## - DISSERTATION NOTE
Dissertation note Thesis (Ph.D)-Cairo University, 1994.
504 ## - BIBLIOGRAPHY, ETC. NOTE
Bibliography, etc. note Bibliography: pages129-149.
653 #0 - INDEX TERM--UNCONTROLLED
Uncontrolled term Obstetrics And Gynecology
700 0# - ADDED ENTRY--PERSONAL NAME
Personal name Mahmoud Talaat Mohamed Talaat
Relator term thesis advisor.
700 0# - ADDED ENTRY--PERSONAL NAME
Personal name Abdalla Mahmoud Khalil
Relator term thesis advisor.
700 0# - ADDED ENTRY--PERSONAL NAME
Personal name Maher M. A. ELwahab
Relator term thesis advisor.
900 ## - Thesis Information
Department Department of Obstetrics And Gynecology
Faculties Faculty of Medicine
Universities Cairo University
Grant date 1994
Supervisory body Mahmoud Talaat Mohamed Talaat
-- Abdalla Mahmoud Khalil
-- Maher M. A. ELwahab
905 ## - Cataloger and Reviser Names
Cataloger Name Eman El gebaly
942 ## - ADDED ENTRY ELEMENTS (KOHA)
Source of classification or shelving scheme Dewey Decimal Classification
Koha item type Thesis
Edition 21
Suppress in OPAC No
Holdings
Source of classification or shelving scheme Home library Current library Date acquired Inventory number Full call number Barcode Date last seen Effective from Koha item type
Dewey Decimal Classification المكتبة المركزبة الجديدة - جامعة القاهرة مكتبة المئوية 30.04.2026 26653 Cai01.11.15.Ph.D.1994.Mo.C. 01010110026653000 30.04.2026 30.04.2026 Thesis
Cairo University Libraries Portal Implemented & Customized by: Eng. M. Mohamady Contacts: new-lib@cl.cu.edu.eg | cnul@cl.cu.edu.eg
CUCL logo CNUL logo
© All rights reserved — Cairo University Libraries
CUCL logo
Implemented & Customized by: Eng. M. Mohamady Contact: new-lib@cl.cu.edu.eg © All rights reserved — New Central Library
CNUL logo
Implemented & Customized by: Eng. M. Mohamady Contact: cnul@cl.cu.edu.eg © All rights reserved — Cairo National University Library